Global biodiversity : status of the earth’s living resources : a report

Global Biodiversity is the most comprehensive compendium of conservation information ever published. It provides the first systematic report on the status, distribution, management, and utilisation of the planet's biological wealth

Wedi'i Gadw mewn:
Manylion Llyfryddiaeth
Fformat: Llyfr
Iaith:Undetermined
Cyhoeddwyd: London Chapman and Hall 1992
Pynciau:
Tagiau: Ychwanegu Tag
Dim Tagiau, Byddwch y cyntaf i dagio'r cofnod hwn!
Thư viện lưu trữ: Trung tâm Học liệu Trường Đại học Cần Thơ
LEADER 01006nam a2200205Ia 4500
001 CTU_22135
008 210402s9999 xx 000 0 und d
020 |c 161.1 
082 |a 333.95 
082 |b G562 
245 0 |a Global biodiversity : 
245 0 |b status of the earth’s living resources : a report 
245 0 |c compiled by the World Conservation Monitoring Centre ; editor, Brian Groombridge ; in collaboration with the Natural History Museum, London ; and in association with IUCN-the World Conservation Union ... [et al.]. 
260 |a London 
260 |b Chapman and Hall 
260 |c 1992 
520 |a Global Biodiversity is the most comprehensive compendium of conservation information ever published. It provides the first systematic report on the status, distribution, management, and utilisation of the planet's biological wealth 
650 |a Biodiversity,Species diversity,Biodiversity conservation 
904 |i H.Mai 
980 |a Trung tâm Học liệu Trường Đại học Cần Thơ